| 000 | nam a22 7a 4500 | ||
|---|---|---|---|
| 999 |
_c20528 _d20528 |
||
| 008 | 170119b xxu||||| |||| 00| 0 eng d | ||
| 020 | _a9780692004883 | ||
| 050 | _aHD 30.2 .A93 2010 | ||
| 100 |
_aAwad Elias M. _d2010 |
||
| 245 |
_aKnowledge Management _cElias M. Awad |
||
| 250 | _a2nd ed | ||
| 260 |
_aNorth Garden _binternational technology group _c2010 |
||
| 300 |
_axviii,505p; _bill.; _c24cm. |
||
| 700 | _aHassan Ghaziri | ||
| 942 |
_2lcc _cBOOKS _hHD 30.2 .A93 2010 _k30736 |
||